000 00281nam a22001337a 4500
008 171108b xxu||||| |||| 00| 0 eng d
020 _a9780538859981
041 _aeng
080 _a330.322
100 _a64
101 _aINV
245 _aINVESTMENTS
_cLEVY/H
942 _2udc
_cBK
999 _c38203
_d38203